• 首页
  • 本馆介绍
  • 公告通知
  • 最新文献
  • 馆藏检索
  • 电子资源
  • 读者导购
  • 参考咨询
  • 我的图书馆
  • 登录
  • 详细信息显示
  • 放入我的书架
  • 预约/预借图书
  • 作者相关作品
  • 分类相关作品
  • 丛书相关作品
  • 出版社相关作品

书目信息

  • 表格格式
  • 工作单格式
  • 卡片格式
题名:
农业机器运用学讲义
    
 
作者: 特列齐亚科夫 , Третьяков 讲 ;东北农学院农业机械化系农业机器运用教研组 译
分册: 上册  
出版信息: 北京   高等教育出版社  1959
页数: 194页
开本: 20cm
丛书名:
单 册:
中图分类: S232
科图分类:
主题词: 农业机械--使用方法--高等学校--教材
电子资源:
ISBN: 15010.563
000 00975nam0 2200265 450
001 0105446555
005 20020928000000.0
010    @a15010.563@dCNY0.95
091    @a15010.563
100    @a19980305d1959 em y0chiy0110 ea
101 1  @achi@crus
102    @aCN@b110000
105    @ay z 000yy
106    @ar
200 1  @a农业机器运用学讲义@9Nong Ye Ji Qi Yun Yong Xue Jiang Yi @f(苏)特列其亚阔夫(П.Д.Третьяков)讲@g东北农学院农业机械化系农业机器运用教研组译@h上册@b专著
210    @a北京@c高等教育出版社@d1959
215    @a194页@d20cm
304    @a著者通译:特列齐亚科夫
606 0  @a农业机械@x使用方法@x高等学校@x教材
690    @aS232@v3
701  1 @a特列齐亚科夫@9te lie qi ya ke fu@bП.Д.@4讲
701  1 @aТретьяков@bП.Д.@4讲
712 02 @a东北农学院农业机械化系农业机器运用教研组@9dong bei nong xue yuan nong ye ji xie hua xi nong ye ji qi yun yong jiao yan zu@4译
801  0 @aCN@bAiZhiMarc
905    @aBZT@dS232@e3:1@f1@sS232/3:1
    
    农业机器运用学讲义/(苏)特列其亚阔夫(П.Д.Третьяков)讲/东北农学院农业机械化系农业机器运用教研组译.上册.-北京:高等教育出版社,1959
    194页;20cm
    
    
    ISBN 15010.563:CNY0.95
    
●
相关链接 在五车中查询图书 在当当中查询图书 在豆瓣中查询图书


正题名:农业机器运用学讲义     索取号:S232/3:1         预约/预借

序号 登录号 条形码 馆藏地/架位号 状态 备注
1 2000083213   2000083213   旧书回溯/ [索取号:S232/3:1] 在馆    
山东省滨州职业学院图书馆 欢迎您!
大连网信软件有限公司© 版权所有